000 00725nam a2200205 i 4500
001 95750
003 ES-MaACL
005 20230906181751.0
007 t|
008 050603s1973 sp ||||1| spa d
080 _a347.72.036(460)(043.2)
080 _a349.2(460):331-057.177(043.2)
100 1 _aLluís y Navas, Jaime.
_972976
245 1 3 _aEl jefe o director de empresa
_b: su naturaleza y fundamentos jurídicos /
_cJaime Lluís y Navas.
260 _aBarcelona :
_bC.E.A.H.E.,
_c1973.
300 _a51 p. ;
_c24 cm.
594 _aCapítulo de la tesis univ. "El jefe de empresa ante el derecho laboral español"
650 4 _aAltos directivos-
_xEstatuto jurídico-
_zEspaña.
_9171195
852 _aES-MaACL
_jC-56324
999 _c95750
_d95750